Statistics for European Countries in JetPunk Languages

Click here to take the quiz!

General Stats

  • This quiz has been taken 57 times
  • The average score is 150 of 225

Answer Stats

Country % Correct
Latvia
100%
Netherlands
100%
Albânia
100%
Albania
100%
France
100%
Iceland
100%
Norway
100%
Montenegro
100%
Portugal
100%
Estónia
100%
Monténégro
100%
Estonia
100%
Russia
98%
Italy
98%
Slovenia
98%
Slovakia
98%
Rússia
98%
Finland
98%
San Marino
98%
São Marinho
98%
Ireland
98%
Croatia
98%
Monaco
98%
Poland
98%
Czech Republic
98%
Macedonia
98%
Mónaco
98%
Belgium
98%
United Kingdom
98%
Luxembourg
98%
Bosnia and Herzegovina
98%
Bosnia y Herzegovina
98%
Bósnia e Herzegovina
98%
Lithuania
98%
Listenstaine
98%
Liechtenstein
98%
Denmark
98%
Greece
98%
Macedónia
98%
Sweden
95%
Malta
95%
Switzerland
95%
Moldova
95%
Bulgaria
95%
Vatican
95%
Andorra
95%
Spain
95%
Vatican City
95%
Bulgária
95%
Serbia
93%
Romania
93%
Áustria
93%
Austria
93%
Hungary
91%
Ukraine
91%
Belarus
91%
Germany
91%
Kosovo
86%
Albanie
81%
Island
79%
Italie
79%
España
74%
Irland
74%
Deutschland
74%
Bulgarie
72%
Slovénie
70%
Österreich
67%
Croatie
67%
Bosnie-et-Herzégovine
67%
Italia
65%
Russie
65%
Luxemburg
65%
Serbie
65%
Andorre
65%
Itália
65%
Suisse
63%
Estonie
63%
Belgique
60%
Frankreich
60%
Francia
60%
Italien
58%
Finlandia
58%
Finlândia
58%
Malte
58%
Grécia
58%
Grecia
58%
Albanien
56%
Islândia
56%
Alemania
56%
Grèce
56%
Islandia
56%
Bosnien und Herzegowina
53%
Bulgarien
53%
Finlande
51%
Moldavie
51%
Polónia
51%
Polonia
51%
Islande
51%
Danemark
51%
Dänemark
51%
Russland
49%
Spanien
49%
Irlande
49%
Belgien
49%
Irlanda
49%
Bélgica
47%
Rusia
47%
Serbien
47%
Pays-Bas
47%
Finnland
47%
Lituania
47%
Polen
47%
Kroatien
47%
Lituânia
47%
Moldávia
47%
Moldavia
47%
Schweiz
47%
Espagne
44%
Dinamarca
44%
Griechenland
44%
Eslovénia
42%
Suède
42%
Cidade do Vaticano
42%
França
42%
Ciudad del Vaticano
42%
Eslovaquia
42%
Eslováquia
42%
Saint-Marin
42%
Eslovenia
42%
Allemagne
42%
Croacia
42%
Croácia
42%
Pologne
42%
Lettland
42%
Lituanie
42%
Reino Unido
42%
Norvège
42%
Norwegen
40%
Luxemburgo
40%
Slovaquie
40%
República Checa
40%
Letónia
40%
Noruega
40%
Letonia
40%
Vatikanstadt
40%
Estland
40%
Rumania
40%
República Checa
37%
Suiza
37%
Schweden
37%
Ungarn
37%
Royaume-Uni
37%
Weißrussland
37%
Países Bajos
37%
Niederlande
37%
Suécia
35%
Suecia
35%
Rumänien
35%
Tschechien
35%
Lettonie
35%
Slowenien
33%
Hongrie
33%
Litauen
33%
Ucrania
33%
Ucrânia
33%
Moldawien
30%
Autriche
30%
Macédoine
30%
Mazedonien
30%
Hungria
28%
Hungría
28%
Países Baixos
28%
Vereinigtes Königreich
26%
Slowakei
26%
Suíça
26%
Roumanie
26%
Bielorrusia
26%
Biélorussie
23%
Espanha
23%
Alemanha
23%
Sérvia
19%
Roménia
19%
Tchéquie
16%
Bielorrússia
14%

Score Distribution

Percentile by Number Answered

Percent of People with Each Score

Your Score History

You have not taken this quiz